|
|
|
|
| LEADER |
02021nam a22003733i 4500 |
| 001 |
EBC6449894 |
| 003 |
MiAaPQ |
| 005 |
20240729202203.0 |
| 006 |
m o d | |
| 007 |
cr cnu|||||||| |
| 008 |
240729s2020 xx o ||||0 eng d |
| 020 |
|
|
|a 9789179297299
|q (electronic bk.)
|
| 035 |
|
|
|a (MiAaPQ)EBC6449894
|
| 035 |
|
|
|a (Au-PeEL)EBL6449894
|
| 035 |
|
|
|a (OCoLC)1232281280
|
| 040 |
|
|
|a MiAaPQ
|b eng
|e rda
|e pn
|c MiAaPQ
|d MiAaPQ
|
| 100 |
1 |
|
|a Ramsell, Elina.
|
| 245 |
1 |
0 |
|a Toward ICT-Enabled Co-production for Effective Crisis and Emergency Response.
|
| 250 |
|
|
|a 1st ed.
|
| 264 |
|
1 |
|a Linköping :
|b Linkopings Universitet,
|c 2020.
|
| 264 |
|
4 |
|c {copy}2021.
|
| 300 |
|
|
|a 1 online resource (173 pages)
|
| 336 |
|
|
|a text
|b txt
|2 rdacontent
|
| 337 |
|
|
|a computer
|b c
|2 rdamedia
|
| 338 |
|
|
|a online resource
|b cr
|2 rdacarrier
|
| 490 |
1 |
|
|a Linköping Studies in Arts and Sciences Series ;
|v v.799
|
| 505 |
0 |
|
|a Intro -- Abstract -- Foreword -- Doctoral dissertations in information systems -- Licentiate theses in information systems development -- Acknowledgements -- List of papers -- Related work -- Contents -- 1. Introduction -- 2. Research approach and methods -- 3. Theoretical foundation and analytical framework building -- 4. Aggregated results -- 5. Discussion -- 6. Conclusions and future research -- References -- Papers.
|
| 588 |
|
|
|a Description based on publisher supplied metadata and other sources.
|
| 590 |
|
|
|a Electronic reproduction. Ann Arbor, Michigan : ProQuest Ebook Central, 2024. Available via World Wide Web. Access may be limited to ProQuest Ebook Central affiliated libraries.
|
| 655 |
|
4 |
|a Electronic books.
|
| 776 |
0 |
8 |
|i Print version:
|a Ramsell, Elina
|t Toward ICT-Enabled Co-production for Effective Crisis and Emergency Response
|d Linköping : Linkopings Universitet,c2020
|
| 797 |
2 |
|
|a ProQuest (Firm)
|
| 830 |
|
0 |
|a Linköping Studies in Arts and Sciences Series
|
| 856 |
4 |
0 |
|u https://ebookcentral.proquest.com/lib/matrademy/detail.action?docID=6449894
|z Click to View
|